| Tag |
First Indicator |
Second Indicator |
Subfields |
| LEADER |
00000cam a2200000 a 4500 |
| 001 |
in00000050685 |
| 005 |
20151007073826.0 |
| 008 |
760802s1958 gw ab 000 0 ger |
| 010 |
|
|
|a 58003366
|
| 035 |
|
|
|a (OCoLC)ocm02349789
|
| 035 |
|
|
|9 AAF0452AM
|
| 040 |
|
|
|a DLC
|c SMI
|d TXA
|d UtOrBLW
|
| 042 |
|
|
|a pcc
|
| 049 |
|
|
|a TXAM
|
| 050 |
|
4 |
|a TL790
|b .S38 1958
|
| 050 |
0 |
0 |
|a TL789
|b .S29
|
| 100 |
1 |
|
|a Schütte, Karl,
|d 1898-
|
| 245 |
1 |
4 |
|a Die Weltraumfahrt hat begonnen :
|b vom ersten Satelliten bis zur Mondreise /
|c Karl Schütte.
|
| 264 |
|
1 |
|a Freiburg im Breisgau :
|b Herder,
|c [1958]
|
| 264 |
|
4 |
|c ©1958
|
| 300 |
|
|
|a 173 pages :
|b illustrations, maps ;
|c 18 cm.
|
| 336 |
|
|
|a text
|b txt
|2 rdacontent
|
| 337 |
|
|
|a unmediated
|b n
|2 rdamedia
|
| 338 |
|
|
|a volume
|b nc
|2 rdacarrier
|
| 490 |
0 |
|
|a Herderbücherei,
|v Bd. 11
|
| 650 |
|
0 |
|a Space flight.
|
| 650 |
|
0 |
|a Artificial satellites.
|
| 650 |
|
0 |
|a International Geophysical Year, 1957-1958.
|
| 949 |
|
|
|a updated
|b h
|c 2006/9/1
|e jmarner
|f 3:02:48 pm
|
| 994 |
|
|
|a C0
|b TXA
|
| 999 |
|
|
|a MARS
|
| 999 |
f |
f |
|s 890fa3b9-ea09-370b-a7a3-3a08b595afef
|i 3b0a39d5-324a-3c2d-8bd1-5ea26687ac53
|t 0
|
| 952 |
f |
f |
|p ric
|a Texas A&M University
|b Rellis Campus
|c Joint Library Facility
|d Remote Storage
|t 0
|e TL790 .S38 1958
|h Library of Congress classification
|i unmediated -- volume
|m A14801051271
|
| 998 |
f |
f |
|a TL790 .S38 1958
|t 0
|l Remote Storage
|